Statistics for Liechtenstein's Country Donut Ring

Click here to take the quiz!

General Stats

  • This quiz has been taken 246 times
  • The average score is 6 of 7

Answer Stats

country% Correct
Germany
95%
Italy
93%
France
92%
Slovenia
86%
Hungary
85%
Czechia
83%
Slovakia
80%

Score Distribution

Percentile by Number Answered

Percent of People with Each Score

Your Score History

You have not taken this quiz